| 000 | 01044nmc a2200337 a 4500 | ||
|---|---|---|---|
| 003 | AR-BaBNM | ||
| 005 | 20251128204437.0 | ||
| 008 | 011101s1993 ||||||||||||||000 | spa|| | ||
| 020 | _a950-13-6081-4 | ||
| 040 | _cAR-BaBNM | ||
| 100 | 1 | _aLemus, Luis Arturo | |
| 245 | 1 | 0 | _aAdministración, dirección y supervisión de escuelas |
| 260 |
_aBuenos Aires _bKapelusz _c1993 |
||
| 300 |
_a382 p. _bil., gráfs. |
||
| 490 | 0 | _aBiblioteca de Cultura Pedagógica. Organización y administración escolar | |
| 504 | _aContiene bibliografía general | ||
| 650 | 4 | _aADMINISTRACION DE LA EDUCACION | |
| 650 | 4 | _aSUPERVISION DE LOS DOCENTES | |
| 650 | 4 | _aORGANIZACION ADMINISTRATIVA | |
| 650 | 4 | _aORGANIZACION ESCOLAR | |
| 650 | 4 | _aPROGRAMAS DE ESTUDIOS | |
| 650 | 4 | _aPLAN DE ESTUDIOS | |
| 650 | 4 | _aPLANIFICACION DE LA EDUCACION | |
| 650 | 4 | _aEVALUACION | |
| 650 | 4 | _aEVALUACION DEL DOCENTE | |
| 653 | _aMODELOS EDUCATIVOS | ||
| 653 | _aPLAN DALTON | ||
| 800 | 1 |
_aTedesco, Juan Carlos _edirector |
|
| 942 | _cBK | ||
| 998 | _cMARTIN | ||
| 999 |
_c7445 _d7445 |
||